| 000 | 03082cam a2200469 a 4500 | ||
|---|---|---|---|
| 005 | 20260322212005.0 | ||
| 008 | data | ||
| 010 | _a 2005054051 | ||
| 020 |
_a0743284577 : _c{dollar}25.00 |
||
| 020 |
_a9780743284578 : _c{dollar}25.00 |
||
| 040 |
_aDLC _cDLC _dOrLoB-B |
||
| 042 | _apcc | ||
| 043 | _an-us--- | ||
| 050 | 0 | 0 |
_aHN90.M6 _bC37 2005 |
| 082 | 0 | 0 |
_a306/.0973/090511 _222 |
| 082 | 1 | 4 | _a306.0973 |
| 092 | _a306 Car 2005 | ||
| 100 | 1 |
_aCarter, Jimmy, _d1924- |
|
| 245 | 1 | 0 |
_aOur endangered values : _bAmerica's moral crisis / _cJimmy Carter. |
| 260 |
_aNew York : _bSimon & Schuster, _cc2005. |
||
| 300 |
_ax, 212 p. ; _c25 cm. |
||
| 500 | _aIncludes index. | ||
| 505 | 0 | 0 |
_g17. _tConclusion : what is a superpower? _g2. _tMy traditional Christian faith -- _g3. _trise of religious fundamentalism -- _g4. _tGrowing conflicts among religious people -- _g5. _tNo conflict between science and religion -- _g6. _tentwining of church and state -- _g7. _tSins of divorce and homosexuality -- _g8. _tWould Jesus approve abortions and the death penalty? -- _g9. _tMust women be subservient? -- _g10. _tFundamentalism in government -- _g11. _tdistortion of American foreign policy -- _g12. _tAttacking terrorism, not human rights? -- _g13. _tProtecting our arsenals, but promoting proliferation -- _g14. _tWorshiping the prince of peace, or preemptive war? -- _g15. _tWhere are the major threats to the environment? -- _g16. _tworld's greatest challenge in the new millennium -- _g17. _tConclusion : what is a superpower? |
| 510 | 4 |
_aPubl Weekly _cSeptember 26,2005 |
|
| 510 | 4 |
_aBooklist _cSeptember 15,2005 |
|
| 510 | 4 |
_aKirkus _cSeptember 01,2005 |
|
| 510 | 4 |
_aLibr Journal _cJuly 00,2005 |
|
| 520 | 1 | _a"In Our Endangered Values, President Jimmy Carter offers a personal consideration of "moral values" as they relate to the important issues of the day. He puts forward a passionate defense of separation of church and state, and a strong warning of where the country is heading as the lines between politics and rigid religious fundamentalism are blurred." "Now, he describes his own involvement and reactions to some disturbing societal trends that have taken place during the last few years. These changes involve both the religious and the political worlds as they have increasingly become intertwined, and include some of the most crucial and controversial issues of the day - frequently encapsulated under "moral values.""--BOOK JACKET. | |
| 521 | 1 | _aAdult. | |
| 521 | 2 | _aAdult. | |
| 650 | 0 |
_aSocial values _zUnited States. |
|
| 650 | 0 |
_aReligious fundamentalism _zUnited States. |
|
| 650 | 0 |
_aChristianity and politics _zUnited States. |
|
| 650 | 0 |
_aChurch and state _zUnited States. |
|
| 650 | 0 |
_aChurch and social problems _zUnited States. |
|
| 650 | 0 |
_aHuman rights _xGovernment policy _zUnited States. |
|
| 651 | 0 |
_aUnited States _xMoral and ethical aspects. _y2001- _xMoral and ethical aspects. |
|
| 651 | 0 |
_aUnited States _xMoral and ethical aspects. _y2001- _xMoral and ethical aspects. |
|
| 651 | 0 |
_aUnited States _xMoral conditions. |
|
| 910 |
_a2557613 _bHorizon bib# |
||
| 001 | data | ||
| 999 |
_c73 _d73 |
||